Statistics for Word Scramble - Movie Characters

Click here to take the quiz!

General Stats

  • This quiz has been taken 72 times
  • The average score is 11 of 18

Answer Stats

Answer% Correct
Han Solo
98%
James Bond
90%
Ron Weasley
85%
Woody
78%
Forrest Gump
76%
Jack Sparrow
73%
Indiana Jones
66%
Mary Poppins
66%
Groot
64%
Katniss Everdeen
64%
Dorothy Gale
59%
Ellen Ripley
56%
Wonder Woman
56%
Marty McFly
49%
Optimus Prime
47%
Peter Venkman
34%
Captain America
32%
Regina George
12%

Score Distribution

Percentile by Number Answered

Percent of People with Each Score

Your Score History

You have not taken this quiz